La Iglesia y la libertad / (Record no. 82810)
[ view plain ]
| 000 -LEADER | |
|---|---|
| campo de control de longitud fija | 00643nam a2200193 i 4500 |
| 001 - NÚMERO DE CONTROL | |
| campo de control | 82810 |
| 003 - IDENTIFICADOR DE NÚMERO DE CONTROL | |
| campo de control | ES-MaACL |
| 005 - FECHA Y HORA DE LA ÚLTIMA TRANSACCIÓN | |
| campo de control | 20230906174733.0 |
| 007 - CAMPO FIJO DE DESCRIPCIÓN FÍSICA--INFORMACIÓN GENERAL | |
| campo de control de longitud fija | t| |
| 008 - DATOS DE LONGITUD FIJA--INFORMACIÓN GENERAL | |
| campo de control de longitud fija | 041112s1963 sp ||||1| spa d |
| 245 03 - MENCIÓN DEL TÍTULO | |
| Título | La Iglesia y la libertad / |
| Mención de responsabilidad, etc. | con la colaboración de el Cardenal Feltin... [et al.]. |
| 260 ## - PUBLICACIÓN, DISTRIBUCIÓN, ETC. | |
| Lugar de publicación, distribución, etc. | Valencia : |
| Nombre del editor, distribuidor, etc. | Fomento de Cultura, |
| Fecha de publicación, distribución, etc. | [1963] |
| 300 ## - DESCRIPCIÓN FÍSICA | |
| Extensión | 401 p. ; |
| Dimensiones | 22 cm. |
| 490 1# - MENCIÓN DE SERIE | |
| Mención de serie | Colección "Semana de los Intelectuales Católicos" |
| 700 1# - ENTRADA AGREGADA--NOMBRE PERSONAL | |
| Nombre de persona | Feltin, Maurice. |
| 9 (RLIN) | 49235 |
| 830 0# - PUNTO DE ACCESO ADICIONAL DE SERIE-TÍTULO UNIFORME | |
| Título uniforme | Colección "Semana de los Intelectuales Católicos" |
| 9 (RLIN) | 183766 |
| 852 ## - LOCALIZACIÓN | |
| Ubicación | ES-MaACL |
| Número de control de estantería | C-23519 |
| Sublocalización o colección | R.51784 |
| Estatus retirado | Estado de pérdida | Estado de daño | No para préstamo | Biblioteca de origen | Biblioteca actual | Ubicación en estantería | Fecha de adquisición | Fuente de adquisición | Total de préstamos | Signatura topográfica completa | Código de barras | Visto por última vez | Precio de reemplazo | Tipo de ítem Koha |
|---|---|---|---|---|---|---|---|---|---|---|---|---|---|---|
| Biblioteca del Ateneo de Madrid | Biblioteca del Ateneo de Madrid | Depósito 2 | 17/01/2008 | C-23519 | 1086542 | 23/02/2023 | 23/02/2023 | Libro impreso |
